00350nam a2200109 a 450000500170000000800410001705000180005810000160007624500890009226000360018144000230021720140414132105.0090218s19uu xx 00 eng d aFICbP64 2001 aPilkey, Dav aCaptain underpants and the wrath of the wicked wedgie woman :bthe fifth epic novel. aNew York :bScholastic ,c2001. aCaptain Underpants